Advance Digital Design with the VERILOG HDL (Xilinx Design Series) (Record no. 23989)
[ view plain ]
| 000 -LEADER | |
|---|---|
| fixed length control field | 00234nam a22000737a 4500 |
| 003 - CONTROL NUMBER IDENTIFIER | |
| control field | NUST |
| 005 - DATE AND TIME OF LATEST TRANSACTION | |
| control field | 20170622114447.0 |
| 008 - FIXED-LENGTH DATA ELEMENTS--GENERAL INFORMATION | |
| fixed length control field | 140429b xxu||||| |||| 00| 0 eng d |
| 020 ## - INTERNATIONAL STANDARD BOOK NUMBER | |
| Terms of availability | Available |
| 040 ## - CATALOGING SOURCE | |
| Original cataloging agency | DLC |
| Language of cataloging | DLC |
| Transcribing agency | RCMS |
| 050 ## - LIBRARY OF CONGRESS CALL NUMBER | |
| Classification number | 621.3952 CIL |
| 082 ## - DEWEY DECIMAL CLASSIFICATION NUMBER | |
| Classification number | 621.3952 CIL |
| 100 ## - MAIN ENTRY--PERSONAL NAME | |
| Personal name | Michael D. Ciletti |
| 9 (RLIN) | 3067 |
| 245 ## - TITLE STATEMENT | |
| Title | Advance Digital Design with the VERILOG HDL (Xilinx Design Series) |
| Statement of responsibility, etc. | Michael D. Ciletti |
| 300 ## - PHYSICAL DESCRIPTION | |
| Extent | 1004 p. : |
| Other physical details | ill, ; |
| Dimensions | 26 cm. |
| 538 ## - SYSTEM DETAILS NOTE | |
| Display text | Shelf # 09, Row # 2, History & Digital Design. |
| 600 ## - SUBJECT ADDED ENTRY--PERSONAL NAME | |
| Personal name | Michael D. Ciletti |
| 9 (RLIN) | 3067 |
| 700 ## - ADDED ENTRY--PERSONAL NAME | |
| Personal name | Michael D. Ciletti |
| 9 (RLIN) | 3067 |
| 856 ## - ELECTRONIC LOCATION AND ACCESS | |
| Materials specified | Table of Contents Only. |
| 942 ## - ADDED ENTRY ELEMENTS (KOHA) | |
| Source of classification or shelving scheme | |
| Koha item type | Book |
| Classification part | 621.3952 CIL |
| Withdrawn status | Lost status | Source of classification or shelving scheme | Damaged status | Not for loan | Permanent Location | Current Location | Shelving location | Date acquired | Full call number | Barcode | Date last seen | Price effective from | Koha item type |
|---|---|---|---|---|---|---|---|---|---|---|---|---|---|
| NUST Baluchistan Campus (NBC) | NUST Baluchistan Campus (NBC) | General Stacks | 04/29/2014 | 621.39CIL | RCMS000426 | 04/29/2014 | 04/29/2014 | Book |
